Мозаики и живопись Древнего Киева: [альбом]

Bibliografiset tiedot
Muut tekijät: Лихачев Д. С. Дмитрий Сергеевич (составитель)
Yhteenveto:К 1500-летию Киева
Kieli:venäjä
Julkaistu: Ленинград, Художник РСФСР, 1982
Aiheet:
Aineistotyyppi: MixedMaterials Kirja
KOHA link:https://koha.lib.tpu.ru/cgi-bin/koha/opac-detail.pl?biblionumber=331411

MARC

LEADER 00000nam0a2200000 4500
001 331411
005 20231102004344.0
035 |a (RuTPU)RU\TPU\book\357238 
090 |a 331411 
100 |a 20170424d1982 m y0rusy50 ca 
101 0 |a rus 
102 |a RU 
105 |a a z 010zy 
200 1 |a Мозаики и живопись Древнего Киева  |e [альбом]  |f сост. Д. С. Лихачев 
210 |a Ленинград  |c Художник РСФСР  |d 1982 
215 |a 16 с.  |c 31 л. ил. 
300 |a К 1500-летию Киева 
606 1 |a Киев, г.  |x История  |2 stltpush  |3 (RuTPU)RU\TPU\subj\68020  |9 83571 
606 1 |a Мозаика резная  |x Архитектура  |2 stltpush  |3 (RuTPU)RU\TPU\subj\44254  |9 63619 
606 1 |a Живопись  |x История  |2 stltpush  |3 (RuTPU)RU\TPU\subj\73356  |9 86388 
610 1 |a древнее искусство 
610 1 |a фрески 
675 |a 72.04  |v 4 
675 |a 75.03  |v 4 
686 |a Т3(4Укр)  |v LBC/SL-A  |2 rubbk 
702 1 |a Лихачев  |b Д. С.  |c российский литературовед и общественный деятель  |c академик РАН  |f 1906-1999  |g Дмитрий Сергеевич  |2 stltpush  |3 (RuTPU)RU\TPU\pers\14350  |4 220  |9 4743 
801 1 |a RU  |b 63413507  |c 20170424 
801 2 |a RU  |b 63413507  |c 20170616  |g RCR 
942 |c BK